1468 1089 1195 1550 1081 1284 1167 1069 1238 1743 1597 1555 1593 1729 1371 1083 1228 1455 1027 1519 1110 1992 1217 1226 1741 1806 1637 1455 1878 1796 1172 1087 1052 1825 1547 1189 1148 1936 1242 1821 1131 1321 1987 1999 1960 1112 1674 1533 1744 1807 1703 1949 1176 1216 1046 1401 1663 1947 1497 1513 1739 1589 1827 1140 1480 1861 1942 1033 1694 1536 1286 1918 1659 1598 1809 1613 1737 1962 1324 1133 1047 1988 1803 1107 1271 1236 1581 1507 1017 1396 1215 1374 1211 1516 1436 1340 1643 1473 1350 BCNSPRNW ULIB Ver.6.0+V

เปลี่ยนเป็นภาษาไทย

Change to English
 แสดงรายละเอียดบรรณานุกรม
  กลับหน้าหลัก

Brief Record : Get Marc (ISO 2709) : E-mail record : QR code < ปิดหน้าต่าง
LEADER : 00000nam 2200000uu 4500
001    13399124728
003     ULIB
008    160210s2558||||th 000 0 tha d
060  4 ^aWY159^bค161อ
110 1  ^aคณาจารย์สาขาการพยาบาลเด็ก วพบ.สวรรค์ประชารักษ์ นครสวรรค์
245 00 ^aเอกสารประกอบการสอนภาคปฏิบัติ เล่ม 1 วิชา ปฏิบัตการพยาบาลบุคคลที่มีปัญหาสุขภาพ 1-3 (การพยาบาลเด็กและวัยรุ่น)/^cคณาจารย์สาขาการพยาบาลเด็ก วพบ.สวรรค์ประชารักษ์ นครสวรรค์
246 0  ^aปฏิบัตการพยาบาลบุคคลที่มีปัญหาสุขภาพ
246 0  ^aการพยาบาลเด็กและวัยรุ่น
300    ^a47 หน้า.^bภาพประกอบ
650  0 ^aการพยาบาลเด็กและวัยรุ่น
945    ^p0^l0^i23254
945    ^p0^l0^i23255
945    ^p0^l0^i23256
945    ^p0^l0^i23257
999    ^aทศพร เกษรทอง
รายการนี้ยังไม่มีแท็ก
คุณยังไม่ได้ล็อกอิน คุณสามารถมีกิจกรรมร่วมกับเว็บไซต์ได้ แต่ต้องล็อกอินก่อน ::
  ล็อกอิน

รายการสื่อสารสนเทศ

ลำดับที่ ประเภท เลขเรียก/บาร์โค้ด สถานที่ สถานะ
1. Book การพยาบาล
หนังสือสำรอง
สถานะ=หนังสือสำรอง
WY159 ค161อ ฉ.1 
  Barcode: 23254
ห้องสมุดวิทยาเขตนครสวรรค์
►หนังสือทั่วไป:l:General Books
บนชั้น
2. Book การพยาบาล
Book การพยาบาล
WY159 ค161อ ฉ.2 
  Barcode: 23255
ห้องสมุดวิทยาเขตนครสวรรค์
►หนังสือทั่วไป:l:General Books
บนชั้น
3. Book การพยาบาล
Book การพยาบาล
WY159 ค161อ ฉ.3 
  Barcode: 23256
ห้องสมุดวิทยาเขตนครสวรรค์
►หนังสือทั่วไป:l:General Books
บนชั้น
4. Book การพยาบาล
Book การพยาบาล
WY159 ค161อ ฉ.4 
  Barcode: 23257
ห้องสมุดวิทยาเขตนครสวรรค์
►หนังสือทั่วไป:l:General Books
บนชั้น

รายการใกล้เคียง
    หัวเรื่อง [การพยาบาลเด็กและวัยรุ่น]

BibComment


ยังไม่เคยถูกคอมเมนท์

คอมเมนท์ทรัพยากรรายการนี้
  คอมเมนท์: เอกสารประกอบการส..


 Copyright 2026. Bcnsprnw @Library